000 00862 a2200217 4500
003 NUST
005 20230811095339.0
010 _a 2006929704
040 _cNust
082 0 0 _a510.20,GRE
100 1 _aGrewal, B. S.
_9102325
245 1 0 _aHigher engineering mathematics /
_cB. S. Grewal and J. S. Grewal
250 _a39th ed.
260 _aOxford ;
_aNew Delhi
_bKhanna
_c2005.
300 _axi, 1276 p. ;
_bill. ;
_c25 cm.
505 _a.Algebra and geometry (Page-1), Calculus(Page-132), Series(Page-344), Differential equations (Page-394), Complex analysis and transforms(Page-592), Numerical techniques(Page-733), Special topics (Page-1052).
650 0 _aEngineering mathematics.
700 _aGrewal, J. S.
_9102326
856 4 2 _3Publisher description
_uhttp://www.loc.gov/catdir/enhancements/fy0833/2006929704-d.html
942 _2ddc
_cBK
_k510.20,GRE
999 _c180275
_d180275